=LDR 00000nam 2200000 4500 =001 INLIS000000000020826 =005 20130612115738 =008 ***********************************Ind** =035 ##$$0010-061300000020826 =041 ##$$a Ind =082 ##$$a 028.5 =090 ##$$a 028.5, Hid p =100 ##$$a Hidayat, Kidh =245 ##$$a Penuntun untuk anak shaleh, Kidh Hidayat =260 ##$$a [Sa.] $b Surabaya =300 ##$$a 84 hlm, ilus, 16 cm =650 ##$$a BACAAN KANAK-KANAK =850 ##$$a NBPNMAT